[Event "Aeroflot Open 2017"]
[Site "Moscow"]
[Date "2017.02.25"]
[Round "5"]
[White "Bosiocic, Marin"]
[Black "Esipenko, Andrey"]
[Result "1-0"]
[WhiteElo "2602"]
[BlackElo "2502"]
[Annotator "TA"]
[PlyCount "163"]
[EventDate "2017.??.??"]

1. e4 e5 2. Nf3 Nc6 3. Bb5 a6 4. Ba4 Nf6 5. O-O Be7 6. Re1 b5 7. Bb3 d6 8. c3
O-O 9. h3 Bb7 10. d4 Re8 11. a3 Bf8 12. Nbd2 g6 13. Bc2 Bg7 14. Nf1 {LiveBook:
3 Games} Na5 {Black wants to play ...exd4.} 15. Ng3 c5 16. d5 {White has an
edge.} c4 17. Bg5 h6 18. Be3 Bc8 19. Qd2 Kh7 20. a4 Bd7 21. Ra3 Qc7 22. axb5
axb5 23. Rea1 Rec8 24. Qd1 Qd8 25. R1a2 Nb7 26. Ba7 Ne8 27. Qa1 Qf6 28. Bd1 Qe7
29. h4 h5 30. b4 cxb3 $1 31. Bxb3 Bf6 32. Ng5+ Bxg5 33. hxg5 Rxa7 34. Rxa7 Nc5
35. Bc2 {aiming for Qc1.} Qxg5 36. Ne2 Nf6 {[#]} (36... h4 $11 {remains equal.}
) 37. Qc1 $1 $16 Qh4 {White must now prevent ...Ng4.} 38. f3 Ne8 39. g3 (39.
Qd2 $16) 39... Qd8 $14 40. Qe3 Nf6 41. Kg2 Kg7 42. Ra1 Rb8 43. Rb1 Bc8 {
Threatening ...Ba6.} 44. Ra2 Nfd7 45. Bd3 Nxd3 46. Qxd3 Nc5 47. Qe3 Bd7 48.
Raa1 Rb7 49. Rb4 Rb8 50. Qd2 Rc8 51. Rh1 Ra8 52. Rb2 Ra4 53. Ra2 Nb3 54. Qb2
Nc5 55. Rxa4 bxa4 56. c4 Qa5 57. Qc3 Qd8 58. Qe3 Nb3 59. Kf2 Qf6 60. Kg1 Qd8
61. Kg2 Nc5 62. Nc1 Qe7 63. Kg1 Bc8 64. Kg2 Bd7 65. Nd3 {Nxc5 is the strong
threat.} Nb3 66. Nf2 Nd4 {[#]} 67. f4 $1 Nc2 (67... Nb3 $14) 68. Qc3 $16 Nd4
69. fxe5 dxe5 (69... Qxe5 $16 70. Rd1 Nc6) 70. c5 $18 Bc8 71. c6 Qf6 72. Qa3
Nc2 $2 (72... Qg5 73. Qc1 Qf6) 73. Qd3 {White is clearly winning.} (73. Qxa4 {
is a self mate.} Ne3+ 74. Kg1 Qf3 75. Rh2 Qxg3+ 76. Kh1 Bg4 77. Qd1 Bxd1 78.
Nh3 Qf3+ 79. Kg1 Qf1#) 73... Nd4 74. Ra1 Nb3 75. Ra3 ({Not} 75. Rxa4 Nc5 76.
Qd1 Nxa4 $18) 75... h4 (75... Qg5 $142 76. Qc3 h4 77. Rxa4 Nd4) 76. gxh4 Nd4
77. Rxa4 Qxh4 78. Qg3 Qh5 79. Ra2 Nb5 80. Ra1 {And now Rh1 would win.} f6 81.
Rh1 Qe2 82. Qh4 1-0

[Event "Aeroflot Open 2017"]
[Site "Moscow"]
[Date "2017.02.25"]
[Round "5"]
[White "Tari, Aryan"]
[Black "Bluebaum, Matthias"]
[Result "1/2-1/2"]
[WhiteElo "2596"]
[BlackElo "2632"]
[Annotator "TA"]
[PlyCount "51"]
[EventDate "2017.??.??"]

1. e4 e6 2. d4 d5 3. Nc3 Nf6 4. e5 Nfd7 5. f4 c5 6. Nf3 Nc6 7. Be3 Be7 8. Qd2
a6 9. a3 O-O 10. dxc5 {LiveBook: 5 Games} Nxc5 11. Qf2 b6 12. b4 {White is
slightly better.} f6 13. bxc5 bxc5 14. Bxc5 Qa5 15. Bd4 $1 fxe5 16. Nxe5 (16.
fxe5 Bc5 17. Qd2 Rxf3 18. Bxc5 Qxc3 19. Qxc3 Rxc3 $15) 16... Nxd4 17. Qxd4 {
[#] aiming for g3.} Rxf4 $1 18. Nc6 $1 ({Not} 18. Qxf4 Qxc3+ 19. Ke2 Bf6 $17)
18... Bc5 19. Qe5 (19. Nxa5 $2 {is the wrong capture.} Bxd4 20. Ne2 {[#]} Rxf1+
$1 21. Rxf1 Bxa1 $19) 19... Bd6 20. Qxg7+ $1 ({Much weaker is} 20. Nxa5 Bxe5
21. Kd2 Rf2+ 22. Kd3 Bd7 $17) 20... Kxg7 21. Nxa5 {And now Nb3 would win.} Be5
22. Kd2 {Hoping for Re1.} Rf2+ 23. Kd3 Bf4 24. Ne2 Bg5 25. Ng3 Bd7 26. Be2
1/2-1/2

[Event "Aeroflot Open 2017"]
[Site "Moscow"]
[Date "2017.02.25"]
[Round "5"]
[White "Kulaots, Kaido"]
[Black "Kuybokarov, Temur"]
[Result "1-0"]
[WhiteElo "2590"]
[BlackElo "2491"]
[Annotator "TA"]
[PlyCount "87"]
[EventDate "2017.??.??"]

1. Nf3 d5 2. c4 c6 3. e3 Nf6 4. Nc3 a6 5. b3 Bg4 6. Be2 e6 7. O-O Nbd7 8. Bb2
Bd6 9. d4 O-O 10. h3 Bh5 {LiveBook: 19 Games} 11. Nd2 Bg6 12. Bf3 b5 {The
position is equal.} 13. Re1 bxc4 14. bxc4 Rb8 15. Qc1 Qb6 16. Ba3 Bxa3 17. Qxa3
Qb4 18. Qxb4 Rxb4 19. c5 a5 20. Bd1 e5 21. a3 exd4 (21... Rb7 $11) 22. Nxd5 $1
$16 Nxd5 23. axb4 dxe3 24. fxe3 Nxb4 (24... axb4 $14 25. Nb3 Be4) 25. Rxa5 Nd3
26. Rf1 N3xc5 27. Bf3 Bd3 28. Rc1 ({Weaker is} 28. Bxc6 Bxf1 29. Kxf1 Rc8 $11)
28... Bb5 29. Rc3 g6 30. Ra7 Rd8 31. Nc4 Ne6 32. Bg4 Nef8 33. Bxd7 Nxd7 34. Nd6
Ne5 35. Nxb5 cxb5 $18 {Endgame KRR-KRN} 36. Rc5 Rd1+ 37. Kh2 Nc4 38. e4 Rf1 $2
(38... Re1 39. Rxb5 Rxe4) 39. Rxb5 Kg7 40. Rc5 {White is clearly winning.} Nd6
{[#]} 41. e5 $1 Rf5 42. Ra4 Nb7 43. Rd5 Rf1 44. Rb4 1-0

[Event "Aeroflot Open 2017"]
[Site "Moscow"]
[Date "2017.02.25"]
[Round "5"]
[White "Van Foreest, Jorden"]
[Black "Yu, Yangyi"]
[Result "0-1"]
[WhiteElo "2584"]
[BlackElo "2738"]
[Annotator "TA"]
[PlyCount "65"]
[EventDate "2017.??.??"]

1. e4 c5 2. Nf3 d6 3. Bb5+ {??.} Bd7 4. Bxd7+ Nxd7 5. c4 Ngf6 6. Nc3 Rc8 7. d4
cxd4 8. Qxd4 a6 9. b3 g6 10. O-O Bg7 11. Bb2 Qa5 12. Rfe1 O-O 13. Nd5 Rfe8 14.
Bc3 Qc5 15. Qd2 b5 16. Rac1 {Hoping for Bxf6.} Nxd5 ({Weaker is} 16... bxc4 {
[#]} 17. Nxe7+ $1 Rxe7 18. Bxf6 Nxf6 19. Rxc4 Qxc4 20. bxc4 $16) 17. Bxg7 N5f6
18. Bxf6 Nxf6 19. b4 Qa7 20. c5 dxc5 21. e5 Nh5 (21... Nd7 $11) 22. e6 (22. Qh6
$1 $14 f6 23. Qe3) 22... f5 23. bxc5 Red8 24. Qc3 Nf6 {With the idea ...Ne4.}
25. Ne5 {[#]} (25. Re5 $11) 25... Rd5 $1 $36 {White is under strong pressure.}
26. Qe3 Ng4 ({Worse is} 26... Rcxc5 27. Nc6 Ng4 28. Nxa7 $16) 27. Nxg4 fxg4 28.
Red1 (28. g3 $17) 28... Rxd1+ $19 29. Rxd1 Qxc5 30. Qe2 Qc4 31. Qe3 (31. Qd2 {
was worth a try.}) 31... Qxa2 32. g3 b4 {...b3 is the strong threat.} 33. Qc5
$2 (33. Qb6 $19 Rf8 34. Rd8 Qa1+ 35. Kg2) 0-1

[Event "Aeroflot Open 2017"]
[Site "Moscow"]
[Date "2017.02.25"]
[Round "5"]
[White "Maghsoodloo, Parham"]
[Black "Swapnil, S  Dhopade"]
[Result "1-0"]
[WhiteElo "2575"]
[BlackElo "2534"]
[Annotator "TA"]
[PlyCount "83"]
[EventDate "2017.??.??"]

1. d4 Nf6 2. c4 e6 3. Nf3 d5 4. g3 Be7 5. Bg2 O-O 6. O-O dxc4 7. Qc2 a6 8. a4
Bd7 9. Qxc4 Bc6 10. Bg5 Bd5 11. Qd3 Be4 12. Qd1 c5 13. dxc5 Bxc5 14. Nc3 Bc6
15. Ne5 Bxg2 16. Kxg2 {LiveBook: 7 Games} Bd4 17. Bxf6 gxf6 18. Nc4 {The
position is equal.} Nc6 19. e3 Bxc3 20. bxc3 Qe7 21. Rb1 $36 {White is more
active.} Rac8 22. Rb3 Rc7 23. Qg4+ Kh8 24. Qf4 Rd8 25. Rfb1 Rd5 26. Qh6 {
Threatens to win with Rxb7!} Na5 (26... Rdd7 $11 {remains equal.}) 27. Nxa5 $16
Rxa5 28. Rd1 (28. Rb4 $16 {Intending Rh4 and mate.} Rg5 29. Rh4) 28... Rxa4 $11
29. Rb6 Rg4 30. Rbd6 Rg8 (30... Rxc3 $2 31. Rd8+ Rg8 32. R1d7 Rxd8 33. Rxe7 $18
) 31. e4 a5 32. h4 Rg6 33. Qf4 Kg7 $2 (33... Rxc3 $2 34. Rd8+ Kg7 35. h5 $18) (
33... h6 $1 $11) 34. Rd8 $2 (34. h5 $1 $18 {and the rest is easy.} Rg5 35. Rd8
Rxh5 36. Ra8) 34... h5 $2 {[#]} ({But not} 34... Rxc3 $2 35. h5 Rc7 36. hxg6
fxg6 {[#]} 37. Re8 $3 $18) (34... e5 $16 35. Qf3 a4) 35. Ra8 $1 $18 Rg4 36. Qe3
Rd7 37. Rxd7 Qxd7 {[#]} 38. Qc5 $1 {Threatening mate with Qf8+.} ({Stronger
than} 38. Rxa5 Qc6 $11) 38... f5 39. Qf8+ Kf6 40. Qh8+ ({Less strong is} 40.
Rxa5 Rxe4 41. Qh6+ Ke7 $16) 40... Ke7 41. e5 Qd5+ 42. Kh2 1-0

[Event "Aeroflot Open 2017"]
[Site "Moscow"]
[Date "2017.02.25"]
[Round "5"]
[White "Predke, Alexandr"]
[Black "Korobov, Anton"]
[Result "0-1"]
[WhiteElo "2573"]
[BlackElo "2691"]
[Annotator "TA"]
[PlyCount "84"]
[EventDate "2017.??.??"]

1. e4 c5 2. Nf3 d6 3. d4 cxd4 4. Nxd4 Nf6 5. Nc3 a6 6. g3 e5 7. Nde2 Be7 8. Bg2
O-O 9. O-O Be6 10. h3 Nbd7 11. g4 Nb6 {LiveBook: 3 Games} 12. a4 Rc8 13. a5 Nc4
{The position is equal.} 14. Nd5 Nxd5 15. exd5 Bd7 16. Qe1 b6 17. axb6 Nxb6 18.
Nc3 f5 19. gxf5 Bxf5 20. Qe2 Rc4 21. Rxa6 Rh4 22. Ne4 Kh8 ({Much worse is} 
22... Bxh3 $6 23. Bxh3 Rxh3 24. Be3 Nxd5 25. Qc4 $11) 23. c4 Bxe4 24. Bxe4 Qc8
(24... Rxh3 25. Kg2 Qc8 26. Rxb6 $14) 25. Rxb6 {Hoping for Rb3.} Qxh3 26. f4 $1
exf4 27. Bf3 {Black must now prevent Qg2.} Rh6 (27... Bf6 $11 28. Rd1 Qg3+ 29.
Qg2 {[#]} Bd4+ $1 30. Rxd4 Qe1+ 31. Qf1 Qg3+ 32. Qg2 Qe1+ 33. Qf1 Qg3+ 34. Qg2)
28. Rf2 (28. c5 $1 $14 Bf6 29. Rb4) 28... Bf6 $2 (28... Rg6+ $1 $11 29. Rg2 Bf6
) 29. Qe4 $2 ({But not} 29. Rxd6 $2 Rg6+ 30. Bg2 {[#]} Rxg2+ $1 31. Rxg2 f3 32.
Rxf6 gxf6 $19) (29. Bg2 $18 Qh2+ 30. Kf1) 29... Rg6+ 30. Rg2 $1 Rg3 31. Rxd6
Rxf3 {[#]} 32. Rxf6 $1 gxf6 (32... Rxf6 33. Qe8+) 33. Qe7 $1 Qh6 34. Bd2 $2 (
34. Rg4 $11) 34... Ra8 {And now ...Rh3 would win.} 35. d6 {[#]} Re3 $1 {
( -> ...Ra1+)} 36. Bxe3 fxe3 $19 {Endgame KQR-KQR} 37. Rg4 {[#]} Ra1+ $1 38.
Kg2 Qh1+ 39. Kg3 Rg1+ 40. Kf4 Qh6+ 41. Ke4 Rxg4+ 42. Kd3 e2 0-1

[Event "Aeroflot Open 2017"]
[Site "Moscow"]
[Date "2017.02.25"]
[Round "5"]
[White "Svane, Rasmus"]
[Black "Swiercz, Dariusz"]
[Result "0-1"]
[WhiteElo "2570"]
[BlackElo "2645"]
[Annotator "TA"]
[PlyCount "120"]
[EventDate "2017.??.??"]

1. Nf3 g6 2. d4 Nf6 3. c4 Bg7 4. Nc3 d5 5. cxd5 Nxd5 6. e4 Nxc3 7. bxc3 c5 8.
h3 O-O 9. Be2 b5 {LiveBook: 6 Games} 10. O-O ({Much worse is} 10. Bxb5 Qa5 11.
Rb1 cxd4 $17) 10... b4 11. cxb4 cxb4 (11... cxd4 $11 12. e5 Nc6) 12. Be3 Nd7
13. a3 Bb7 14. Qb1 a5 15. axb4 axb4 16. Rxa8 Bxa8 (16... Qxa8 $11 17. Qxb4 Bxe4
) 17. Bd3 Qa5 18. Qb3 {White wants to play Bd2.} e6 19. Rb1 Qa3 20. Qxa3 bxa3
21. Ra1 Nc5 $1 22. Rxa3 (22. Be2 $11) 22... Nxd3 $15 23. Rxd3 Bxe4 24. Ra3 f6
25. Ra6 Bd5 26. Rb6 Ra8 27. Kh2 g5 28. h4 h6 29. Rb2 Bf8 30. Rb6 Be7 31. hxg5
hxg5 32. Rb1 Kf7 33. Kg1 Kg6 34. Rc1 Ra2 35. Ne1 Kf5 36. Rc2 (36. Nd3 $142)
36... Ra3 ({Better is} 36... Rxc2 37. Nxc2 Bb3) 37. Rc1 $17 Bd6 38. Kf1 g4 39.
Bd2 Ra2 40. Nc2 Kg6 {White must now prevent ...Be4.} 41. Be3 g3 42. fxg3 Bxg3
43. Ne1 Bxe1 44. Kxe1 Bxg2 $19 {Endgame KRB-KRB} ({Black should play} 44...
Rxg2 45. Bf2 Kf5) 45. Bd2 {[#]} Kf5 $1 46. Rc3 (46. Rc8 $17) 46... Bd5 47. Rg3
Ra4 48. Be3 Ke4 49. Bf2 Ra1+ 50. Kd2 Ra2+ 51. Ke1 Bc4 52. Re3+ {[#]} Kf4 $1 53.
Rc3 $2 (53. d5 Bxd5 54. Rd3) 53... Re2+ {Black is clearly winning.} 54. Kd1
Rxf2 55. Rxc4 {KR-KR} Ke4 56. Ra4 Kd5 57. Ra6 Rf4 58. Ke2 Rxd4 59. Ke3 Re4+ 60.
Kf3 f5 0-1

[Event "Aeroflot Open 2017"]
[Site "Moscow"]
[Date "2017.02.25"]
[Round "5"]
[White "Huzman, Alexander"]
[Black "Martirosyan, Haik M"]
[Result "1-0"]
[WhiteElo "2552"]
[BlackElo "2529"]
[Annotator "TA"]
[PlyCount "121"]
[EventDate "2017.??.??"]

1. Nf3 Nf6 2. c4 e6 3. g3 d5 4. d4 Be7 5. Bg2 O-O 6. O-O dxc4 7. Qc2 a6 8. a4
Bd7 9. Qxc4 {LiveBook: 1567 Games} Bc6 10. Bf4 Bd6 11. Nbd2 {The position is
equal.} Nbd7 12. Bxd6 cxd6 13. Qb4 d5 14. Rfc1 a5 15. Qa3 Rc8 16. b4 axb4 17.
Qxb4 b6 18. e3 Ba8 19. Rcb1 Rc7 20. Bf1 Ra7 21. Bb5 Qb8 22. Ne1 Rc8 23. Nd3 Bc6
24. Nf3 Bxb5 25. axb5 Qa8 26. Rxa7 (26. Qb2 $1 $16) 26... Qxa7 $11 27. Nfe5 Nb8
(27... Nxe5 $11 {keeps the balance.} 28. Nxe5 Ne4) 28. Qb2 $16 Nfd7 29. Ra1 $36
{White has strong initiative.} Qc7 30. Rc1 Qb7 31. Rxc8+ Qxc8 32. Qa3 Nxe5 33.
Nxe5 {Threatens to win with Qa7.} f6 34. Nd3 {Black must now prevent Qd6.} Qc2
$2 {[#]} (34... Kf7 $16) 35. Qe7 $1 $18 g5 36. Qxe6+ Kg7 37. Qe7+ ({Not} 37.
Qxd5 Qd1+ 38. Ne1 Qxe1+ 39. Kg2 Qb1 $18) 37... Kg6 38. Qe8+ Kg7 39. Qxb8 {
Qb7+ is the strong threat.} Qxd3 {Endgame [#] KQ-KQ} 40. Qb7+ $1 (40. Qxb6 Qb1+
41. Kg2 Qe4+ 42. f3 Qc2+ 43. Kg1 Qd1+ 44. Kf2 Qd2+ 45. Kf1 Qd3+ 46. Kf2 Qd2+
47. Kf1 Qd3+ 48. Kf2 Qd2+ $11) 40... Kg6 41. Qxd5 ({Stronger than} 41. Qxb6
Qb1+ 42. Kg2 Qe4+ 43. Kf1 Qb1+ 44. Kg2 Qe4+ 45. Kf1 Qb1+ 46. Kg2 $11) 41... h5
42. h3 g4 (42... Qf5 $142 43. Qg8+ Kh6 44. Qh8+ Kg6 45. Qe8+ Kg7) 43. hxg4 hxg4
44. Kg2 f5 45. Qc6+ Kg5 46. Qd5 Kg6 $1 47. Qd6+ Kh5 48. Qe5 ({And not} 48. Qxb6
Qe4+ 49. Kh2 Qc2 $11) 48... Kg6 49. Qd6+ $2 (49. Qe6+ $18 Kg5 50. Qxb6 Qe4+ 51.
Kh2) 49... Kg5 $2 (49... Kh5 $11) 50. Qf4+ (50. Qxb6 $142 Qe4+ 51. Kh2) 50...
Kg6 {[#]} 51. e4 $1 Qxb5 (51... Qxe4+ 52. Qxe4) 52. Qd6+ Kh5 53. exf5 Qxf5 54.
Qxb6 Qf3+ 55. Kg1 Qd1+ 56. Kh2 Kg5 57. Qc5+ Kg6 58. Qe5 Qf3 59. Qf4 Qd1 60. Kg2
Kg7 61. Qe4 1-0

[Event "Aeroflot Open 2017"]
[Site "Moscow"]
[Date "2017.02.25"]
[Round "5"]
[White "Petrosyan, Manuel"]
[Black "Abdusattorov, Nodirbek"]
[Result "1/2-1/2"]
[WhiteElo "2549"]
[BlackElo "2429"]
[Annotator "TA"]
[PlyCount "154"]
[EventDate "2017.??.??"]

1. d4 Nf6 2. Nf3 g6 3. c4 Bg7 4. Nc3 d6 5. g3 O-O 6. Bg2 Nbd7 7. O-O e5 8. e4
c6 9. h3 Qb6 10. Re1 Qb4 11. Bf1 {LiveBook: 5 Games} exd4 12. Nxd4 Re8 13. a3 {
White is slightly better.} Qb6 14. Be3 {aiming for Ndb5.} Qc7 15. Qc2 a5 16.
Rad1 Nc5 17. Bg2 a4 18. f4 Ra5 19. Bf2 Nfd7 20. Qd2 Bf8 21. Kh2 Nf6 22. Qc2
Nfd7 23. Qd2 Ra8 24. Qc2 Nb6 25. Nb1 Ra5 26. Nd2 Bg7 27. N2f3 Ncd7 28. Rc1 Nf8
29. e5 ({White should try} 29. g4 $14) 29... dxe5 $11 30. Nxe5 Ne6 (30... Bxe5
$11 31. Rxe5 Rexe5 32. fxe5 Rxe5) 31. Qd2 Nd7 32. Nxe6 Rxe6 {[#]} (32... fxe6
$16 33. Nd3 Rd8) 33. Rcd1 $2 ({White must play} 33. Nxd7 $1 $18 Bxd7 34. Rcd1)
33... Bxe5 34. fxe5 Raxe5 ({Don't capture} 34... Rexe5 $2 35. Bd4 Re6 36. Bc3
$18) 35. Bd4 Rxe1 36. Rxe1 Qd6 {And now ...Rxe1 would win.} 37. Rxe6 fxe6 38.
Qe3 e5 39. Bc3 Qe6 40. Qg5 {next Qd8+ is good for White. White has
compensation.} Qe8 41. Bf3 Qf8 {The position is equal.} 42. Kg2 Qe8 43. h4 Kg7
44. Bg4 Kg8 45. h5 Kf7 46. Qe3 Kg8 47. Bd1 Qe6 48. hxg6 hxg6 49. Bxa4 Qxc4 50.
Bc2 Kh7 51. Qf3 Qe6 52. Qh5+ Kg7 53. Qg5 Qd5+ 54. Kh2 Qe6 55. Bd2 Nf8 56. Qh6+
Kg8 $1 57. Bb4 Qf6 58. Qxf8+ Qxf8 59. Bxf8 Kxf8 60. Bxg6 {Endgame KB-KB} c5 61.
Kg2 b5 62. Kf3 {Strongly threatening Ke4.} Ke7 63. g4 Kf6 $1 64. Be8 b4 65. a4
c4 66. Bb5 c3 67. bxc3 $1 bxc3 68. Bd3 e4+ 69. Kxe4 {Hoping for Kf4.} Bxg4 70.
a5 Bf5+ 71. Kd4 {White wants to mate with Bxf5.} c2 {[#]} 72. Bxc2 $1 Bxc2 {
KB-KP} 73. a6 {Black must now prevent a7.} Ba4 74. Kd5 {Intending a7 and mate.}
Bb5 75. a7 Bf1 $1 76. a8=Q {White threatens Qf8+ and mate.} Bg2+ 77. Kd6 Bxa8
1/2-1/2

[Event "Aeroflot Open 2017"]
[Site "Moscow"]
[Date "2017.02.25"]
[Round "5"]
[White "Ramirez, Alejandro"]
[Black "Bindrich, Falko"]
[Result "1/2-1/2"]
[WhiteElo "2549"]
[BlackElo "2590"]
[Annotator "TA"]
[PlyCount "52"]
[EventDate "2017.??.??"]

1. d4 Nf6 2. c4 e6 3. g3 d5 4. Bg2 Bb4+ 5. Bd2 Bd6 6. Nc3 dxc4 7. Qa4+ c6 8.
Qxc4 O-O 9. Nf3 Nbd7 10. O-O e5 {LiveBook: 3 Games} 11. Rad1 Qe7 12. e4 Nb6 {
White has an edge.} 13. Qe2 {The position is equal.} Bg4 14. dxe5 Bxe5 15. h3
Bxf3 $1 16. Bxf3 Rfe8 17. Rfe1 Rad8 18. Bc1 h6 19. Bg2 Qc5 20. Be3 Qb4 21. Qc2
Nc4 {[#] And now ...Rxd1 would win.} 22. Bc1 ({Of course not} 22. Bxa7 Nxb2 23.
Rxd8 Rxd8 $17) 22... Na3 23. Qe2 Nc4 24. Qc2 {[#]} Na3 $1 25. Qe2 (25. bxa3
Qxc3) 25... Nc4 26. Qc2 Na3 1/2-1/2

[Event "Aeroflot Open 2017"]
[Site "Moscow"]
[Date "2017.02.25"]
[Round "5"]
[White "Gabrielian, Artur"]
[Black "Rozum, Ivan"]
[Result "1/2-1/2"]
[WhiteElo "2532"]
[BlackElo "2601"]
[Annotator "TA"]
[PlyCount "76"]
[EventDate "2017.??.??"]

1. e4 c6 2. d4 d5 3. e5 Bf5 4. Nf3 e6 5. Be2 Ne7 6. O-O c5 7. c3 Nec6 8. Be3 {
LiveBook: 14 Games} cxd4 9. Nxd4 Bxb1 10. Rxb1 {White is slightly better.} Nxe5
11. Qa4+ Qd7 12. Bb5 Nec6 $1 13. c4 {[#] And now cxd5 would win.} Be7 14. cxd5
exd5 ({But not} 14... Qxd5 $2 15. Rfd1 a6 16. Rbc1 $18) 15. Rbc1 O-O 16. Nxc6
bxc6 17. Rxc6 Nxc6 18. Bxc6 Qe6 19. Bxa8 Rxa8 20. Rd1 Bf6 21. Bd4 h6 22. Bxf6
Qxf6 23. Qd4 Qxd4 24. Rxd4 $11 {Endgame KR-KR} Rc8 {[#] ( -> ...Rc1+)} 25. g3
Rc2 (25... Rc1+ $5 26. Kg2 $8 Rc2 $11) 26. Rxd5 Rxb2 27. Ra5 Rb7 28. h4 g6 {
The position is equal.} 29. Kg2 h5 30. Kf3 Re7 31. Kf4 f6 32. f3 Kg7 33. a4 Kh6
34. g4 hxg4 $1 35. fxg4 Rb7 36. Ra6 Rb4+ 37. Kf3 Rb3+ 38. Kf4 Rb4+ 1/2-1/2

[Event "Aeroflot Open 2017"]
[Site "Moscow"]
[Date "2017.02.25"]
[Round "5"]
[White "Kotronias, Vasilios"]
[Black "Saric, Ivan"]
[Result "0-1"]
[WhiteElo "2524"]
[BlackElo "2648"]
[Annotator "TA"]
[PlyCount "68"]
[EventDate "2017.??.??"]

1. e4 g6 2. d4 d6 3. Nc3 Bg7 4. Be3 Nf6 5. f3 c6 6. Qd2 b5 7. Nge2 Nbd7 8. g4
Nb6 {LiveBook: 18 Games} 9. Ng3 h5 10. gxh5 Nxh5 {The position is equal.} ({
Reject} 10... gxh5 $6 11. Rg1 $16) 11. Nxh5 Rxh5 ({But not} 11... gxh5 $6 12.
Rg1 Bf6 13. Bg5 $16) 12. Qf2 (12. b3 $11) 12... Na4 13. Nxa4 bxa4 14. O-O-O Rb8
15. c3 a3 16. b3 ({Don't capture} 16. bxa3 $2 Qa5 17. Rd2 Qxa3+ 18. Rb2 Qxc3+
19. Rc2 Qa1+ 20. Kd2 Rb1 $19) 16... Be6 17. Kc2 $2 {[#]} (17. Qc2 $1 $15) 17...
a5 $1 $19 18. Rb1 {[#]} (18. Ra1 $142) 18... a4 $1 19. Bc4 {Black should
prevent Bxe6.} (19. bxa4 Bxa2) 19... d5 20. Bd3 (20. Be2 $142 axb3+ 21. Rxb3)
20... axb3+ 21. Rxb3 dxe4 22. fxe4 Bxb3+ 23. axb3 e6 24. Rf1 Qe7 25. b4 $2 (25.
h4) 25... a2 26. Kb3 Ra8 27. Ra1 Qa7 {aiming for ...Qa4+.Black is clearly
winning.} 28. Bc4 {[#]} c5 $1 29. e5 (29. Rxa2 $142 Qxa2+ 30. Qxa2 Rxa2 31.
Kxa2 Rxh2+ 32. Kb1 cxd4 33. Bb5+ Kf8 34. Bf4) (29. bxc5 Qa4+) 29... Qa3+ 30.
Kc2 cxb4 31. Bb3 bxc3 {Threatens to win with ...Qb2+.} 32. Bc1 Qb4 {Hoping for
...Rb8.} 33. Rxa2 Rxa2+ 34. Bxa2 Bh6 0-1

[Event "Aeroflot Open 2017"]
[Site "Moscow"]
[Date "2017.02.25"]
[Round "5"]
[White "Tabatabaei, M amin"]
[Black "Vakhidov, Jahongir"]
[Result "1-0"]
[WhiteElo "2507"]
[BlackElo "2561"]
[Annotator "TA"]
[PlyCount "61"]
[EventDate "2017.??.??"]

1. d4 Nf6 2. c4 c5 3. d5 e5 4. Nc3 d6 5. e4 Nbd7 6. Be2 Be7 7. Be3 {LiveBook:
12 Games} a6 8. a4 Nf8 9. h4 {White is slightly better.} h5 10. f3 Rb8 11. Nh3
Bd7 12. g3 Qc8 13. Nf2 Bd8 14. a5 Bc7 15. f4 (15. Qb3 $16) 15... exf4 $14 16.
gxf4 Ng6 17. Nd3 Ng4 18. Qd2 Qd8 19. f5 {Strongly threatening Bxg4.} N6e5 $1 ({
Not} 19... Nxh4 $2 20. Bg5 Ng2+ 21. Kd1 N4e3+ 22. Bxe3 $18) ({Of course not} 
19... Nxe3 $6 20. Qxe3 Ne7 21. Nf4 $16) 20. Nxe5 Nxe5 21. Nd1 Qe7 22. Nf2 g6 $1
23. fxg6 fxg6 24. Nd3 Ng4 25. Bxg4 Bxg4 26. O-O $36 {Qc3 is the strong threat.
White is pushing.} Qxh4 27. Bf2 Qe7 $1 {White must now prevent ...0-0.} 28. Bg3
{aiming for e5!} Kd7 $2 {[#]} (28... h4 $14 29. Bxd6 Bxd6) 29. Nxc5+ $1 $18
dxc5 $2 {[#]} (29... Kc8 30. e5 dxc5) 30. d6 $1 Bxd6 {[#]} 31. Rf7 $1 1-0

[Event "Aeroflot Open 2017"]
[Site "Moscow"]
[Date "2017.02.25"]
[Round "5"]
[White "Golubov, Saveliy"]
[Black "Ghaem Maghami, Ehsan"]
[Result "0-1"]
[WhiteElo "2492"]
[BlackElo "2566"]
[Annotator "TA"]
[PlyCount "100"]
[EventDate "2017.??.??"]

1. d4 Nf6 2. c4 e6 3. Nc3 Bb4 4. Qb3 c5 5. dxc5 Nc6 6. Nf3 Ne4 7. Bd2 Nxd2 8.
Nxd2 f5 9. e3 O-O 10. Be2 Bxc5 11. O-O b6 12. Nf3 Bb7 {LiveBook: 4 Games} 13.
Rfd1 Qe7 14. Na4 d6 {The position is equal.} 15. Nd4 Bxd4 16. exd4 Qf6 17. Qc3
e5 $1 $36 {Black has strong initiative.} 18. dxe5 dxe5 ({But not} 18... Nxe5 $6
19. f4 Qg6 20. Qg3 $11) 19. Bf3 $2 {[#]} (19. Qh3 $17 {was necessary.}) 19...
Nd4 $1 $19 20. Bxb7 {Threatens to win with Qd3.} Ne2+ 21. Kh1 Nxc3 22. Nxc3
Rad8 23. Bd5+ Kh8 24. Rd2 e4 25. Re1 Rfe8 26. Rde2 Re5 27. a4 Qe7 28. f4 {[#]}
Re6 $1 29. Bxe6 Qxe6 30. Nd5 h5 31. Re3 Rd6 32. Rh3 Qf7 33. Rb3 Qd7 34. Rh3 Rh6
35. b3 Qd6 36. Rd1 Qa3 37. Re1 Kg8 38. Rc3 Kf7 39. Rec1 Rd6 40. h4 a6 41. Kh2 {
[#]} b5 $1 42. axb5 axb5 43. b4 Qa7 44. Ne3 $2 {[#]} (44. cxb5 Qf2 45. R1c2
Qxh4+ 46. Rh3) 44... Rd3 $1 {Hoping for ... Qxe3.Black is clearly winning.} 45.
c5 g6 46. Rxd3 exd3 47. Rc3 d2 48. Rd3 Qe7 49. c6 Qxh4+ 50. Kg1 Qe1+ 0-1

[Event "Aeroflot Open 2017"]
[Site "Moscow"]
[Date "2017.02.25"]
[Round "5"]
[White "Narayanan, Srinath"]
[Black "Fedoseev, Vladimir"]
[Result "0-1"]
[WhiteElo "2474"]
[BlackElo "2658"]
[Annotator "TA"]
[PlyCount "96"]
[EventDate "2017.??.??"]

1. e4 c6 2. Nc3 d5 3. Nf3 Nf6 4. e5 Ne4 5. Ne2 Qb6 6. d4 e6 7. Ng3 c5 8. c3 Nc6
9. Bd3 Nxg3 10. hxg3 cxd4 11. cxd4 Bd7 {LiveBook: 3 Games} 12. Kf1 Be7 (12...
Nxd4 $2 13. Be3 $18) 13. a3 Na5 {The position is equal.} ({Wrong is} 13... Nxd4
$2 14. Be3 $18) 14. Rb1 Bb5 15. b3 Rc8 {aiming for ...Rc3.} 16. a4 Bxd3+ 17.
Qxd3 h6 18. Bd2 Bb4 19. Qb5+ Qxb5+ 20. axb5 Bxd2 21. Nxd2 Kd7 22. Ke2 $1 Kc7
23. b4 Nc4 24. Nxc4 dxc4 $15 {Endgame KRR-KRR} 25. Kd2 Kb6 26. Kc3 Rhd8 27. f4
Rd5 28. f5 exf5 29. Rbf1 Rcd8 ({Better is} 29... Kxb5 $17 {Threatening ...Rcd8.
} 30. Rh5 g6 31. Rxh6 Rc7) 30. Rxf5 (30. Rf4 $11) 30... Rxd4 $17 {Strongly
threatening ...Rd3+.} 31. Rh4 R4d7 $36 {Black is on the roll.} 32. Rhf4 {[#]}
Rc8 (32... Rc7 $1 $17 {...Rd3+ is the strong threat.} 33. Rxf7 Rd3+ 34. Kc2
Rxf7 35. Rxf7 Rxg3) 33. Rxc4 (33. Rxf7 $15 Rd3+ 34. Kc2) 33... Rdc7 34. Rxc7
Rxc7+ $19 {KR-KR} 35. Kb3 (35. Kd4 $17) 35... g6 36. Rf6+ Kxb5 37. e6 fxe6 38.
Rxe6 Rc6 39. Re7 Kb6 40. g4 {[#]} (40. Re1 {keeps fighting.}) 40... g5 $1 41.
Rh7 a6 42. Ka4 Ka7 43. b5 Rc4+ 44. Ka5 (44. Kb3 $142 axb5 45. Rxh6) 44... Rc5
45. Rxh6 Rxb5+ 46. Ka4 Rd5 47. g3 Rd4+ 48. Ka5 b6+ 0-1